Dopravná geografia ČSSR a svetadielov 2 geografia leteckej dopravy

Na minha lista:
Detalhes bibliográficos
Autor principal: Skrbek, Kamil
Formato: Livro
Idioma:eslovaco
Publicado em: Bratislava Alfa 1984
Tags: Adicionar Tag
Sem tags, seja o primeiro a adicionar uma tag!

MARC

LEADER 00000nam a2200000 4500
001 c116150
005 20221128065626.6
041 0 |a slo 
044 |a SK 
245 1 0 |a Dopravná geografia ČSSR a svetadielov 2  |b geografia leteckej dopravy  |c Kamil Skrbek 
264 1 |a Bratislava  |b Alfa  |c 1984 
300 |a 546 s.  |e 8 mp. príl. 
100 1 |a Skrbek, Kamil